000 00437nam a2200169Ia 4500
003 GCL
008 140319s9999 xx 000 0 ara d
040 _aGCL /
_cGCL
082 0 4 _aط
_b372.5
_bص ن
100 1 _aصبيح صادق
245 1 0 _aنلون ونطرز /
_cصبيح صادق
490 _aسلسلة هوايات
_v0
650 0 4 _aالاطفال
650 0 4 _aالتلوين
650 0 4 _aالتطريز
942 _2ddc
_cBK
999 _c51455
_d51455